| 000 -LEADER |
| fixed length control field |
00491nam a22001697a 4500 |
| 003 - CONTROL NUMBER IDENTIFIER |
| control field |
OSt |
| 008 - FIXED-LENGTH DATA ELEMENTS--GENERAL INFORMATION |
| fixed length control field |
150615b xxu||||| |||| 00| 0 eng d |
| 041 ## - LANGUAGE CODE |
| Language code of text/sound track or separate title |
eng |
| 245 10 - TITLE STATEMENT |
| Title |
Foreign stamps and covers, featuring the "J & J" collection of France and French areas |
| 246 10 - VARYING FORM OF TITLE |
| Title proper/short title |
Robert A. Siegel, sale 928 PR - Dec. 21, 2006 |
| 260 ## - PUBLICATION, DISTRIBUTION, ETC. (IMPRINT) |
| Name of publisher, distributor, etc. |
Robert A. Siegel |
| 300 ## - PHYSICAL DESCRIPTION |
| Extent |
0 pages |
| 650 #0 - SUBJECT ADDED ENTRY--TOPICAL TERM |
| Topical term or geographic name as entry element |
France, |
| 650 #0 - SUBJECT ADDED ENTRY--TOPICAL TERM |
| Topical term or geographic name as entry element |
French Colonies, |
| 650 #0 - SUBJECT ADDED ENTRY--TOPICAL TERM |
| Topical term or geographic name as entry element |
Occupation of Fezzan |
| 700 1# - ADDED ENTRY--PERSONAL NAME |
| Personal name |
Robert A. Siegel |